000
00256nam a2200097Ia 4500
001
649407
005
20250826153741.0
008
250824s9999 xx 000 0 und d
245
0
_a
AYA YOLCULUK GENÇLİK KLASİKLERİ
_c
JULES VERNE
260
_b
TİMAŞ ÇOCUK
999
_c
649407
_d
649407